000 01322cai a22002175a 4500
001 L159915
008 080811u2017 xxk g 000 0 eng d
035 _a(Sirsi) u159915
041 0 _aeng
050 0 4 _a690.241 $2 18
110 2 _aDepartment for Culture, Media and Sport
_93525
245 0 0 _aHeritage Statement 2017
_h[electronic resource]
260 _a[S.l.]
_bStationary Office
_c2017
520 _aSets out the government?s direction and priorities for England?s heritage in the coming years, building on the commitments we made in the Culture White Paper in 2016 and our broader Industrial Strategy. It is structured around four key themes and it focuses on areas where the government can help Heritage Statement 2017 to support and develop the heritage sector and add value to the work of heritage organisations, specialists, professionals, volunteers and all those responsible for the management, protection and promotion of our heritage.
590 _aKA
650 2 4 _aHISTORIC ENVIRONMENT
651 4 _aEngland
_y886-
690 _aBUILT ENVIRONMENT-BUILDING TYPES-ANCIENT MONUMENTS AND HISTORIC BUILDINGS
856 4 0 _uhttps://www.gov.uk/government/uploads/system/uploads/attachment_data/file/664657/Heritage_Statement_2017__final_-_web_version_.pdf
_zView the report at www.gov.uk....
942 _n0
999 _c116148
_d116148